[Event "Marshall Chess Club - IM Norm RR"]
[Site "ChessKast.com"]
[Date "2019.11.14"]
[Round "1"]
[White "FM VINCENT TSAY"]
[Black "FM RAWLE ALLICOCK"]
[Result "1-0"]
[WhiteElo "2289"]
[BlackElo "2245"]
[PlyCount "65"]
[EventDate "2019.??.??"]

1. d4 d5 2. c4 e6 3. Nf3 Nf6 4. g3 Bb4+ 5. Nbd2 Ne4 6. Bg2 O-O 7. O-O Nxd2 8.
Bxd2 Bxd2 9. Qxd2 Nd7 10. Rac1 c6 11. Rfd1 b6 12. e4 dxc4 13. Rxc4 Bb7 14. Qc2
Qe7 15. h4 Rac8 16. e5 b5 17. Ng5 f5 18. Rc3 b4 19. Rc4 h6 20. Nh3 Rfd8 21. Qb3
a5 22. Rcc1 Nb6 23. Rc5 Nd5 24. Rxa5 c5 25. Rxc5 Rxc5 26. dxc5 Qxc5 27. Nf4 Kf7
28. Nd3 Qb6 29. Nxb4 Nxb4 30. Rxd8 Bxg2 31. Rd6 Bc6 32. Qxe6+ Kf8 33. Rd7 1-0

[Event "Marshall Chess Club - IM Norm RR"]
[Site "ChessKast.com"]
[Date "2019.11.14"]
[Round "1"]
[White "FM JASON LIANG"]
[Black "ROBERT M PEREZ"]
[Result "1/2-1/2"]
[WhiteElo "2345"]
[BlackElo "2390"]
[PlyCount "112"]
[EventDate "2019.??.??"]

1. e4 c5 2. Nf3 d6 3. d4 cxd4 4. Nxd4 Nf6 5. Nc3 a6 6. g3 e6 7. Bg2 Be7 8. O-O
O-O 9. Be3 Qc7 10. g4 Nfd7 11. f4 Nc6 12. g5 Nxd4 13. Bxd4 e5 14. Nd5 Qd8 15.
Be3 exf4 16. Bxf4 Ne5 17. Qd2 Be6 18. Rad1 Rc8 19. Nxe7+ Qxe7 20. Qb4 Bxa2 21.
Rf2 Bc4 22. Qxd6 Rfe8 23. Qxe7 Rxe7 24. Rfd2 Rce8 25. Rd8 Bb5 26. Rxe8+ Rxe8
27. Bxe5 Rxe5 28. Rd8+ Be8 29. Rb8 b5 30. h4 Kf8 31. Ra8 Re6 32. Kf2 f6 33. Kf3
Rd6 34. Ke3 b4 35. Bf1 fxg5 36. hxg5 Rd1 37. Bxa6 Ra1 38. Bb7 Rxa8 39. Bxa8 Ke7
40. Kd4 h6 41. gxh6 gxh6 42. Ke5 h5 43. Kf5 Ba4 44. c3 bxc3 45. bxc3 Kd6 46.
e5+ Kc5 47. e6 Kc4 48. e7 Kxc3 49. Bf3 h4 50. Bd1 Be8 51. Bg4 Kd4 52. Kf6 Kd5
53. Kg7 Kd6 54. Kf8 Bc6 55. Bf3 Bd7 56. Bg2 Ba4 1/2-1/2

[Event "Marshall Chess Club - IM Norm RR"]
[Site "ChessKast.com"]
[Date "2019.11.14"]
[Round "1"]
[White "GM MICHAEL ROHDE"]
[Black "CM LIRAN ZHOU"]
[Result "1/2-1/2"]
[WhiteElo "2351"]
[BlackElo "2317"]
[PlyCount "45"]
[EventDate "2019.??.??"]

1. Nf3 Nf6 2. g3 g6 3. d4 Bg7 4. Bg2 O-O 5. O-O d6 6. b3 Nbd7 7. Bb2 e5 8. dxe5
Ng4 9. c4 Ngxe5 10. Nc3 Nxf3+ 11. exf3 a5 12. Qd2 Nc5 13. Nd5 Be6 14. Bxg7 Kxg7
15. Qc3+ f6 16. f4 Bxd5 17. Bxd5 c6 18. Bg2 Qb6 19. Rfd1 Rad8 20. Rd2 Qb4 21.
Qxb4 axb4 22. Re1 Rfe8 23. Re3 1/2-1/2

[Event "Marshall Chess Club - IM Norm RR"]
[Site "ChessKast.com"]
[Date "2019.11.14"]
[Round "1"]
[White "GM NIKOLA NESTOROVIC"]
[Black "FM GUS HUSTON"]
[Result "1-0"]
[WhiteElo "2458"]
[BlackElo "2185"]
[PlyCount "49"]
[EventDate "2019.??.??"]

1. e4 e5 2. Nf3 Nc6 3. Bc4 Nf6 4. d3 Bc5 5. a4 a5 6. c3 d6 7. Bg5 h6 8. Bh4 g5
9. Bg3 Be6 10. Nbd2 Qb8 11. Qe2 Qa7 12. Bb5 O-O-O 13. Rc1 Nb8 14. d4 exd4 15.
cxd4 Bxd4 16. e5 Ne8 17. Nxd4 Qxd4 18. exd6 Nxd6 19. Be5 Qd5 20. O-O Nd7 21.
Bxh8 Rxh8 22. Rfd1 Qf5 23. Nf3 Qf4 24. g3 Qb4 25. Rd4 1-0

[Event "Marshall Chess Club - IM Norm RR"]
[Site "ChessKast.com"]
[Date "2019.11.14"]
[Round "1"]
[White "GM SANDRO POZO VERA"]
[Black "IM SILAS ESBEN LUND"]
[Result "1/2-1/2"]
[WhiteElo "2433"]
[BlackElo "2348"]
[PlyCount "53"]
[EventDate "2019.??.??"]

1. d4 d5 2. c4 e6 3. Nf3 c6 4. Nc3 Nf6 5. Bg5 Nbd7 6. e3 Qa5 7. cxd5 exd5 8.
Nd2 Be7 9. Bd3 O-O 10. O-O Re8 11. Qc2 Nf8 12. h3 g6 13. Bf4 Ne6 14. Be5 Ng7
15. Rab1 Nd7 16. Bh2 Nf8 17. a3 Bf5 18. b4 Qd8 19. Rfc1 Bxd3 20. Qxd3 Nf5 21.
a4 a6 22. b5 axb5 23. axb5 Bd6 24. Bxd6 Qxd6 25. bxc6 bxc6 26. e4 Ne7 27. exd5
1/2-1/2

[Event "Marshall Chess Club - IM Norm RR"]
[Site "ChessKast.com"]
[Date "2019.11.14"]
[Round "2"]
[White "FM VINCENT TSAY"]
[Black "FM JASON LIANG"]
[Result "0-1"]
[WhiteElo "2289"]
[BlackElo "2345"]
[PlyCount "110"]
[EventDate "2019.??.??"]

1. d4 Nf6 2. Nf3 d5 3. c4 e6 4. g3 Be7 5. Bg2 O-O 6. O-O dxc4 7. Qc2 b6 8. Qxc4
Bb7 9. Nc3 Nbd7 10. Rd1 Qc8 11. Bf4 c5 12. Nb5 Nd5 13. Nd6 Bxd6 14. Bxd6 Ba6
15. Qc2 cxd4 16. Qxc8 Rfxc8 17. Nxd4 Bb7 18. Rd2 Nc5 19. Rad1 Nf6 20. Bxc5 Bxg2
21. Be7 Bd5 22. Bxf6 gxf6 23. f3 Kf8 24. Kf2 e5 25. Nb3 Be6 26. Nc1 Ke7 27. b3
a5 28. Nd3 Rc3 29. Ne1 b5 30. Rb2 Rac8 31. Ng2 Rc2 32. Rd2 Rxb2 33. Rxb2 Kd6
34. Ne3 Rc1 35. f4 Kc5 36. Rd2 Kb4 37. f5 Bc8 38. Rd6 Ka3 39. Rxf6 Kxa2 40.
Rxf7 Kxb3 41. Re7 Bxf5 42. Nxf5 a4 43. Rxe5 b4 44. Nd4+ Kb2 45. Rb5 Rc4 46. Nc6
b3 47. Ne5 Rc3 48. Nd3+ Rxd3 49. exd3 a3 50. d4 a2 51. Ra5 a1=Q 52. Rxa1 Kxa1
53. d5 b2 54. d6 b1=Q 55. d7 Qf5+ 0-1

[Event "Marshall Chess Club - IM Norm RR"]
[Site "ChessKast.com"]
[Date "2019.11.14"]
[Round "2"]
[White "FM GUS HUSTON"]
[Black "GM SANDRO POZO VERA"]
[Result "1-0"]
[WhiteElo "2185"]
[BlackElo "2433"]
[PlyCount "100"]
[EventDate "2019.??.??"]

1. e4 c6 2. d4 d5 3. Nc3 dxe4 4. Nxe4 Nf6 5. Nxf6+ exf6 6. c3 Bd6 7. Bd3 O-O 8.
Ne2 Re8 9. Qc2 h6 10. O-O Qc7 11. Ng3 Nd7 12. c4 c5 13. d5 Ne5 14. Bh7+ Kh8 15.
Bf5 Bd7 16. f4 Bxf5 17. Nxf5 Ng6 18. g3 Ne7 19. Bd2 Nxf5 20. Qxf5 Re2 21. Qd3
Rae8 22. Rae1 Qe7 23. Rxe2 Qxe2 24. Qxe2 Rxe2 25. Rf2 Re4 26. b3 b5 27. cxb5 c4
28. b4 Rd4 29. Be3 Rd1+ 30. Kg2 Bxb4 31. Bxa7 Rxd5 32. a4 c3 33. Be3 Ba5 34.
Kf3 Rd1 35. b6 Rb1 36. Ke4 Bxb6 37. Bxb6 Rxb6 38. Kd3 Rc6 39. Ra2 Kg8 40. a5
Kf8 41. Kc2 Ke7 42. a6 Rc8 43. a7 Ra8 44. Kxc3 Kd6 45. Kd4 Kc6 46. Kc4 Kb6 47.
g4 Rb8 48. Kb4 Ra8 49. h3 Kc6 50. Ra6+ Kc7 1-0

[Event "Marshall Chess Club - IM Norm RR"]
[Site "ChessKast.com"]
[Date "2019.11.14"]
[Round "2"]
[White "CM LIRAN ZHOU"]
[Black "GM NIKOLA NESTOROVIC"]
[Result "0-1"]
[WhiteElo "2317"]
[BlackElo "2458"]
[PlyCount "97"]
[EventDate "2019.??.??"]

1. e4 e5 2. Nf3 Nc6 3. Bb5 a6 4. Ba4 g6 5. c3 Bg7 6. O-O Nge7 7. d4 exd4 8.
cxd4 b5 9. Bb3 Na5 10. Bc2 d6 11. h3 O-O 12. Nbd2 c5 13. Nb3 Nb7 14. Be3 c4 15.
Nbd2 d5 16. e5 Bf5 17. Bg5 f6 18. exf6 Bxf6 19. Bxf6 Rxf6 20. Ne5 Nd6 21. Ndf3
Bxc2 22. Qxc2 Ne4 23. Nd2 Nd6 24. Rae1 Nef5 25. Ndf3 Ne4 26. Ng4 Rf8 27. Ne3
Nxe3 28. Rxe3 Qb6 29. Nd2 Nf6 30. Nf3 Ne4 31. Nd2 Nf6 32. Nf3 Rae8 33. Re5 Rxe5
34. dxe5 Nh5 35. Rd1 Nf4 36. Kh2 Nd3 37. Rxd3 cxd3 38. Qxd3 Qc5 39. Nd4 Rxf2
40. Qe3 Rf1 41. Qe2 Qc1 42. Qg4 Qf4+ 43. Qxf4 Rxf4 44. Nf3 d4 45. Kg3 Re4 46.
Kf2 d3 47. Kf1 Re2 48. Ne1 Rxb2 49. Nxd3 0-1

[Event "Marshall Chess Club - IM Norm RR"]
[Site "ChessKast.com"]
[Date "2019.11.14"]
[Round "2"]
[White "ROBERT M PEREZ"]
[Black "GM MICHAEL ROHDE"]
[Result "0-1"]
[WhiteElo "2390"]
[BlackElo "2351"]
[PlyCount "138"]
[EventDate "2019.??.??"]

1. d4 Nf6 2. c4 e6 3. Nf3 b6 4. g3 Bb7 5. Bg2 Bb4+ 6. Bd2 Be7 7. Nc3 O-O 8. O-O
Na6 9. Ne5 Qb8 10. Bxb7 Qxb7 11. Bg5 c5 12. Ng4 Nxg4 13. Bxe7 Rfe8 14. Bd6 Qc6
15. Nb5 Nh6 16. dxc5 bxc5 17. Re1 f6 18. e4 Nf7 19. a3 Nxd6 20. Qxd6 Qxd6 21.
Nxd6 Reb8 22. Nb5 Rb7 23. Re2 Kf8 24. Rd2 Ke7 25. Kg2 Nc7 26. Nxc7 Rxc7 27. Kf3
Rb8 28. Rc1 Rb3+ 29. Ke2 Rcb7 30. Rcc2 g5 31. Kd1 g4 32. Kc1 Rf3 33. Rd1 f5 34.
exf5 Rxf5 35. Rd3 Re5 36. Kd1 a5 37. f3 h5 38. Rf2 a4 39. Kc2 Rb8 40. Rfd2 Rb7
41. Rf2 Re1 42. Rdd2 Re3 43. fxg4 Re4 44. gxh5 Rxc4+ 45. Kb1 Rg4 46. Rf3 Rg5
47. Rf4 Rxh5 48. Rxa4 d5 49. Kc2 Re5 50. Rf4 Re3 51. Rff2 d4 52. g4 e5 53. g5
c4 54. g6 Ke6 55. Rg2 Rg7 56. Rd1 Kd5 57. a4 Rb3 58. Ra1 d3+ 59. Kc1 e4 60.
Rg5+ Kd4 61. a5 e3 62. Rg4+ Kd5 63. a6 e2 64. Ra5+ Kc6 65. Rg1 Rd7 66. Kd2
Rxb2+ 67. Ke3 d2 68. a7 e1=Q+ 69. Kf4 Qf2+ 0-1

[Event "Marshall Chess Club - IM Norm RR"]
[Site "ChessKast.com"]
[Date "2019.11.14"]
[Round "2"]
[White "FM RAWLE ALLICOCK"]
[Black "IM SILAS ESBEN LUND"]
[Result "1/2-1/2"]
[WhiteElo "2245"]
[BlackElo "2348"]
[PlyCount "62"]
[EventDate "2019.??.??"]

1. c4 e5 2. Nc3 d6 3. g3 f5 4. d4 Be7 5. Bh3 e4 6. f3 Nf6 7. Qc2 d5 8. cxd5 O-O
9. Bg2 exf3 10. Bxf3 c5 11. dxc5 Bxc5 12. Nh3 Nbd7 13. Bf4 h6 14. Nf2 g5 15.
Qxf5 gxf4 16. Qg6+ Kh8 17. Nd3 Ng8 18. Be4 Qe7 19. Nxf4 Ne5 20. d6 Qg7 21.
Qxg7+ Kxg7 22. Rd1 Nf6 23. Bg2 Bd7 24. a3 Rab8 25. Ncd5 Ne8 26. Rf1 Bxd6 27.
Nh5+ Kg6 28. Ndf4+ Kf7 29. Nd5+ Kg6 30. Ndf4+ Kf7 31. Nd5+ Kg6 1/2-1/2

[Event "Marshall Chess Club - IM Norm RR"]
[Site "ChessKast.com"]
[Date "2019.11.15"]
[Round "3"]
[White "GM MICHAEL ROHDE"]
[Black "FM VINCENT TSAY"]
[Result "0-1"]
[WhiteElo "2351"]
[BlackElo "2289"]
[PlyCount "106"]
[EventDate "2019.??.??"]

1. e4 e6 2. d4 d5 3. Nd2 c5 4. Ngf3 cxd4 5. Nxd4 Nc6 6. Nxc6 bxc6 7. Bd3 Bd6 8.
O-O Ne7 9. Qh5 Ng6 10. Nf3 a5 11. e5 Be7 12. Be3 Ba6 13. Rac1 O-O 14. Rfe1 c5
15. h4 Bxd3 16. cxd3 Nxh4 17. Nxh4 Bxh4 18. Bxc5 Be7 19. d4 Rc8 20. Re3 g6 21.
Rg3 Kg7 22. Qg4 Rc6 23. a3 a4 24. Rcc3 Bxc5 25. dxc5 d4 26. Rc4 Qd5 27. Qxd4
Qxd4 28. Rxd4 Rxc5 29. Rxa4 Rc1+ 30. Kh2 Rc2 31. Rb4 Rxf2 32. a4 h5 33. a5 Ra8
34. Rb5 Kh6 35. b4 Rd8 36. Rc5 Ra2 37. Rc7 h4 38. Rg4 Kh5 39. Rcc4 g5 40. Rgd4
Rxd4 41. Rxd4 g4 42. Kg1 Ra1+ 43. Kf2 g3+ 44. Ke3 Rg1 45. Kf3 Rf1+ 46. Ke3 Rf2
47. a6 Rxg2 48. b5 Ra2 49. Rd2 Ra3+ 50. Rd3 g2 51. Rxa3 g1=Q+ 52. Kd2 Qd4+ 53.
Ke2 Qb2+ 0-1

[Event "Marshall Chess Club - IM Norm RR"]
[Site "ChessKast.com"]
[Date "2019.11.15"]
[Round "3"]
[White "FM JASON LIANG"]
[Black "FM RAWLE ALLICOCK"]
[Result "1-0"]
[WhiteElo "2345"]
[BlackElo "2245"]
[PlyCount "35"]
[EventDate "2019.??.??"]

1. d4 Nf6 2. Bf4 c5 3. e3 Qb6 4. Na3 d6 5. Nc4 Qc7 6. c3 b5 7. Nd2 a6 8. a4 b4
9. Rc1 bxc3 10. Rxc3 Nd5 11. Rxc5 Qb7 12. Rc1 Nxf4 13. exf4 g6 14. Be2 Be6 15.
Bf3 d5 16. Ne2 Qxb2 17. Rb1 Qa2 18. Rb3 1-0

[Event "Marshall Chess Club - IM Norm RR"]
[Site "ChessKast.com"]
[Date "2019.11.15"]
[Round "3"]
[White "GM NIKOLA NESTOROVIC"]
[Black "ROBERT M PEREZ"]
[Result "1/2-1/2"]
[WhiteElo "2458"]
[BlackElo "2390"]
[PlyCount "43"]
[EventDate "2019.??.??"]

1. e4 c5 2. Nf3 d6 3. d4 cxd4 4. Nxd4 Nf6 5. Nc3 a6 6. Be2 e5 7. Nb3 Be7 8. g4
h6 9. Be3 Be6 10. Rg1 Nc6 11. h4 d5 12. exd5 Nxd5 13. Nxd5 Qxd5 14. Qxd5 Bxd5
15. O-O-O Bxb3 16. axb3 Bxh4 17. Rh1 Be7 18. g5 Rd8 19. Rxd8+ Bxd8 20. Bf3 Be7
21. gxh6 gxh6 22. Rxh6 1/2-1/2

[Event "Marshall Chess Club - IM Norm RR"]
[Site "ChessKast.com"]
[Date "2019.11.15"]
[Round "3"]
[White "GM SANDRO POZO VERA"]
[Black "CM LIRAN ZHOU"]
[Result "1/2-1/2"]
[WhiteElo "2433"]
[BlackElo "2317"]
[PlyCount "108"]
[EventDate "2019.??.??"]

1. Nf3 Nf6 2. c4 g6 3. b3 Bg7 4. Bb2 O-O 5. g3 d6 6. d4 Nbd7 7. Bg2 e5 8. Nc3
c6 9. Qc2 exd4 10. Nxd4 a5 11. O-O Nc5 12. Rad1 Qb6 13. e3 a4 14. Nxa4 Nxa4 15.
bxa4 Nd7 16. Nb3 Bxb2 17. Qxb2 Qb4 18. a5 Rxa5 19. Rxd6 Rxa2 20. Qxa2 Qxd6 21.
Qc2 Nc5 22. Rd1 Qe5 23. Nd4 Bg4 24. Bf3 Be6 25. h4 h5 26. Nxe6 Nxe6 27. Rd7 Nc5
28. Rd4 Kg7 29. Kg2 Re8 30. Qd1 Ra8 31. Qc2 Ra3 32. Qd1 Ra2 33. Rd2 Rxd2 34.
Qxd2 Ne6 35. Qd7 Qc7 36. Qd2 Qe5 37. Qd7 Nc5 38. Qd4 Qxd4 39. exd4 Ne6 40. d5
Nd4 41. dxc6 bxc6 42. Be4 Kf6 43. f3 Ke5 44. Kf2 f5 45. Bd3 Ne6 46. Ke3 f4+ 47.
Kf2 g5 48. hxg5 Nxg5 49. Bg6 fxg3+ 50. Kxg3 h4+ 51. Kxh4 Nxf3+ 52. Kg3 Nd2 53.
c5 Kd5 54. Be8 Kxc5 1/2-1/2

[Event "Marshall Chess Club - IM Norm RR"]
[Site "ChessKast.com"]
[Date "2019.11.15"]
[Round "3"]
[White "IM SILAS ESBEN LUND"]
[Black "FM GUS HUSTON"]
[Result "1/2-1/2"]
[WhiteElo "2348"]
[BlackElo "2185"]
[PlyCount "43"]
[EventDate "2019.??.??"]

1. Nf3 Nf6 2. c4 c5 3. Nc3 Nc6 4. e4 g6 5. d4 cxd4 6. Nxd4 d6 7. Be2 Nxd4 8.
Qxd4 Bg7 9. Be3 O-O 10. Qd2 a5 11. f3 a4 12. Rb1 Qa5 13. Nb5 Qxd2+ 14. Kxd2 Bd7
15. Nc3 Rfc8 16. Rhc1 Kf8 17. Rc2 Be6 18. Nd5 Nxd5 19. cxd5 Rxc2+ 20. Kxc2 Rc8+
21. Kd2 Bd7 22. Bd3 1/2-1/2

[Event "Marshall Chess Club - IM Norm RR"]
[Site "ChessKast.com"]
[Date "2019.11.15"]
[Round "4"]
[White "FM VINCENT TSAY"]
[Black "GM NIKOLA NESTOROVIC"]
[Result "0-1"]
[WhiteElo "2289"]
[BlackElo "2458"]
[PlyCount "82"]
[EventDate "2019.??.??"]

1. d4 Nf6 2. Nf3 e6 3. g3 d5 4. c4 Be7 5. Bg2 O-O 6. O-O dxc4 7. Qc2 b5 8. a4
b4 9. Nfd2 Nd5 10. Nxc4 c5 11. dxc5 Ba6 12. Nbd2 Nd7 13. c6 Nc5 14. Nb3 Nxb3
15. Qxb3 Rc8 16. Ne3 Nf6 17. Bf3 Qa5 18. Bd2 Rfd8 19. Rfd1 e5 20. Nf5 Bf8 21.
Bg5 Rxd1+ 22. Rxd1 e4 23. Nh6+ gxh6 24. Bxf6 Qf5 25. Rd7 Qxf6 26. Bxe4 Be7 27.
Rxa7 Bxe2 28. Qe3 Bc4 29. Kg2 b3 30. Rd7 Be6 31. Rb7 Bd8 32. Rb5 Bc7 33. a5 Ra8
34. Qd2 Rd8 35. Qe2 Rd4 36. a6 Ra4 37. Rb7 Qe5 38. a7 Kg7 39. Rb5 Qd4 40. Rh5
Rxa7 41. Rh4 Qf6 0-1

[Event "Marshall Chess Club - IM Norm RR"]
[Site "ChessKast.com"]
[Date "2019.11.15"]
[Round "4"]
[White "CM LIRAN ZHOU"]
[Black "IM SILAS ESBEN LUND"]
[Result "1-0"]
[WhiteElo "2317"]
[BlackElo "2348"]
[PlyCount "69"]
[EventDate "2019.??.??"]

1. e4 e5 2. Nf3 Nc6 3. Bb5 Nf6 4. d3 Bc5 5. c3 O-O 6. O-O d6 7. Be3 Bxe3 8.
fxe3 Ne7 9. Bc4 Ng6 10. Bb3 d5 11. exd5 Nxd5 12. Qe2 a5 13. a4 c6 14. Nbd2 h6
15. Qf2 Qe7 16. Rfe1 Bg4 17. Qg3 Bxf3 18. Nxf3 Rad8 19. h4 e4 20. h5 exf3 21.
hxg6 fxg6 22. gxf3 Kh8 23. f4 g5 24. fxg5 Rf5 25. Kh1 Rxg5 26. Qh3 Qe8 27. Rf1
Qg6 28. Rg1 Nxe3 29. Rxg5 Qxg5 30. Rg1 Qe5 31. Re1 Rxd3 32. Qc8+ Kh7 33. Bg8+
Kg6 34. Rg1+ Kf6 35. Qf8# 1-0

[Event "Marshall Chess Club - IM Norm RR"]
[Site "ChessKast.com"]
[Date "2019.11.15"]
[Round "4"]
[White "ROBERT M PEREZ"]
[Black "GM SANDRO POZO VERA"]
[Result "1/2-1/2"]
[WhiteElo "2390"]
[BlackElo "2433"]
[PlyCount "93"]
[EventDate "2019.??.??"]

1. d4 d5 2. c4 e6 3. Nf3 Nf6 4. Nc3 a6 5. cxd5 exd5 6. Bg5 Be6 7. e3 Nbd7 8.
Bd3 c6 9. O-O Bd6 10. Rc1 Qb8 11. Bh4 O-O 12. a3 Re8 13. Bg3 Bg4 14. Qc2 Bh5
15. Nh4 Bg6 16. Nxg6 hxg6 17. b4 Bxg3 18. hxg3 Qd6 19. Na4 Ng4 20. Rfe1 f5 21.
Nc5 Nxc5 22. bxc5 Qe7 23. Be2 Nf6 24. Rb1 Rad8 25. Rb3 Rd7 26. Reb1 Rf8 27.
R1b2 Rf7 28. a4 Ne4 29. a5 g5 30. Rb6 g6 31. Bxa6 bxa6 32. Rxc6 Rf6 33. Rb8+
Rd8 34. Rxd8+ Rf8 35. Qb3 f4 36. Rxg6+ Kf7 37. Rc6 fxe3 38. fxe3 Nxc5 39. Qb6
Qe4 40. Rxc5 Kg7 41. Qa7+ Kg8 42. Rxf8+ Kxf8 43. Qd7 Qxe3+ 44. Kh2 Qxd4 45. Qh3
Kg8 46. Kh1 Qh8 47. Kh2 1/2-1/2

[Event "Marshall Chess Club - IM Norm RR"]
[Site "ChessKast.com"]
[Date "2019.11.15"]
[Round "4"]
[White "FM RAWLE ALLICOCK"]
[Black "FM GUS HUSTON"]
[Result "1-0"]
[WhiteElo "2245"]
[BlackElo "2185"]
[PlyCount "65"]
[EventDate "2019.??.??"]

1. c4 e5 2. Nc3 Nf6 3. Nf3 Nc6 4. e3 Bb4 5. Qc2 Bxc3 6. Qxc3 d6 7. d4 Qe7 8.
Be2 O-O 9. dxe5 dxe5 10. O-O Bg4 11. h3 Bh5 12. Re1 Rfd8 13. b3 Ne4 14. Qb2 Rd6
15. Qc2 Ng5 16. Nxg5 Qxg5 17. Bxh5 Qxh5 18. Ba3 Rd7 19. Rad1 Rad8 20. Rxd7 Rxd7
21. b4 Qg6 22. Qb2 Qe4 23. b5 Nd8 24. Qb3 Ne6 25. Rc1 Rd2 26. Qa4 Rxa2 27. b6
Rxa3 28. Qe8+ Nf8 29. bxc7 Rxe3 30. c8=Q Re1+ 31. Rxe1 Qxe1+ 32. Kh2 Qb4 33.
Qc7 1-0

[Event "Marshall Chess Club - IM Norm RR"]
[Site "ChessKast.com"]
[Date "2019.11.15"]
[Round "4"]
[White "FM JASON LIANG"]
[Black "GM MICHAEL ROHDE"]
[Result "1-0"]
[WhiteElo "2345"]
[BlackElo "2351"]
[PlyCount "67"]
[EventDate "2019.??.??"]

1. e4 c5 2. Nf3 e6 3. d4 cxd4 4. Nxd4 Nc6 5. g3 Bc5 6. Nb3 Be7 7. Bg2 Nf6 8.
Nc3 d6 9. O-O O-O 10. Be3 a6 11. Qe2 Qc7 12. f4 Re8 13. Kh1 b6 14. e5 dxe5 15.
fxe5 Nd7 16. Rxf7 Bb7 17. Rff1 Ncxe5 18. Bf4 Bxg2+ 19. Qxg2 Rac8 20. Rfe1 Bf6
21. Rad1 Qc6 22. Qxc6 Rxc6 23. Re2 Re7 24. Ne4 Nc4 25. c3 e5 26. Nd4 Rc7 27.
Nf5 Re6 28. Bc1 b5 29. b3 Ncb6 30. Be3 h5 31. Red2 g6 32. Rd6 Rxd6 33. Rxd6
gxf5 34. Bxb6 1-0

[Event "Marshall Chess Club - IM Norm RR"]
[Site "ChessKast.com"]
[Date "2019.11.16"]
[Round "5"]
[White "GM SANDRO POZO VERA"]
[Black "FM VINCENT TSAY"]
[Result "1/2-1/2"]
[WhiteElo "2433"]
[BlackElo "2289"]
[PlyCount "75"]
[EventDate "2019.??.??"]

1. d4 d5 2. c4 e6 3. Nf3 Nf6 4. Nc3 c6 5. Bg5 Nbd7 6. e3 Qa5 7. cxd5 exd5 8.
Nd2 Bd6 9. Bd3 O-O 10. a3 Qc7 11. Rc1 Qb8 12. Bh4 Re8 13. Qc2 h6 14. Nf3 a5 15.
O-O Ng4 16. Bg3 Bxg3 17. hxg3 Ndf6 18. b4 axb4 19. axb4 Qd6 20. b5 Bd7 21. Rfe1
Re7 22. bxc6 bxc6 23. Na4 Ne4 24. Bxe4 dxe4 25. Nh2 Nxh2 26. Kxh2 Be6 27. Qc5
Qxc5 28. Nxc5 Ra2 29. Kg1 Bd5 30. Ra1 Rea7 31. Rxa2 Rxa2 32. g4 g6 33. Rb1 Kg7
34. Rb8 Ra1+ 35. Kh2 Ra2 36. Kg1 Ra1+ 37. Kh2 Ra2 38. Kg1 1/2-1/2

[Event "Marshall Chess Club - IM Norm RR"]
[Site "ChessKast.com"]
[Date "2019.11.16"]
[Round "5"]
[White "GM NIKOLA NESTOROVIC"]
[Black "FM JASON LIANG"]
[Result "1/2-1/2"]
[WhiteElo "2458"]
[BlackElo "2345"]
[PlyCount "86"]
[EventDate "2019.??.??"]

1. e4 e5 2. Nf3 Nf6 3. Nxe5 d6 4. Nf3 Nxe4 5. c4 Nc6 6. Nc3 Nxc3 7. dxc3 g6 8.
Bg5 Be7 9. Bh6 Bf8 10. Bg5 Be7 11. Bf4 Be6 12. Qd2 Qd7 13. Be2 Bf6 14. O-O-O
O-O-O 15. Ng5 Bf5 16. g4 Bxg4 17. Bxg4 Qxg4 18. Nxf7 Ne5 19. Rhg1 Qf5 20. Bxe5
Bxe5 21. Nxe5 Qxe5 22. f4 Qf6 23. Qe3 Kb8 24. Rge1 Qf7 25. Rd4 Rhe8 26. Qd2
Rxe1+ 27. Qxe1 Re8 28. Re4 Rxe4 29. Qxe4 a6 30. Kd2 Qd7 31. b3 Ka7 32. Qe3+ b6
33. Ke1 Qc6 34. Kf2 Qd7 35. Kg3 Qg7 36. h3 Kb7 37. Qe4+ Kb8 38. Qe8+ Kb7 39.
Qe4+ Ka7 40. Qe3 Kb7 41. Qe4+ Kb8 42. Qe8+ Ka7 43. Qe3 Kb7 1/2-1/2

[Event "Marshall Chess Club - IM Norm RR"]
[Site "ChessKast.com"]
[Date "2019.11.16"]
[Round "5"]
[White "GM MICHAEL ROHDE"]
[Black "FM RAWLE ALLICOCK"]
[Result "1-0"]
[WhiteElo "2351"]
[BlackElo "2245"]
[PlyCount "77"]
[EventDate "2019.??.??"]

1. Nf3 Nc6 2. e4 e5 3. Bb5 a6 4. Ba4 Nf6 5. d4 exd4 6. O-O Be7 7. Re1 d6 8. e5
dxe5 9. Nxe5 Bd7 10. Bxc6 Bxc6 11. Nxc6 bxc6 12. Qe2 Nd5 13. c4 Nb4 14. a3 d3
15. Qxe7+ Qxe7 16. Rxe7+ Kxe7 17. axb4 Rhb8 18. Be3 Ke6 19. Nd2 Rxb4 20. Bd4 f6
21. f3 Kf7 22. Bc3 Rbb8 23. Ne4 Re8 24. g4 h5 25. h3 hxg4 26. hxg4 Kg6 27. Rd1
Rad8 28. Kf2 Rh8 29. Ke3 Rh3 30. Nf2 Rh2 31. Rxd3 Re8+ 32. Ne4 Rc2 33. Rd7 a5
34. Rxc7 a4 35. Ra7 Rb8 36. Rxa4 Rb3 37. Kf4 Kf7 38. Ra7+ Kg6 39. Ra6 1-0

[Event "Marshall Chess Club - IM Norm RR"]
[Site "ChessKast.com"]
[Date "2019.11.16"]
[Round "5"]
[White "IM SILAS ESBEN LUND"]
[Black "ROBERT M PEREZ"]
[Result "1/2-1/2"]
[WhiteElo "2348"]
[BlackElo "2390"]
[PlyCount "82"]
[EventDate "2019.??.??"]

1. d4 Nf6 2. Nf3 g6 3. Nbd2 d5 4. e3 Bg7 5. b4 a5 6. b5 c5 7. Be2 O-O 8. O-O
Bf5 9. c4 Ne4 10. Bb2 Nd7 11. cxd5 Nb6 12. Rc1 Qxd5 13. Nc4 Nxc4 14. Bxc4 Qd7
15. Ba3 Nd6 16. Be2 cxd4 17. Nxd4 Be4 18. Bg4 f5 19. Bf3 Bxf3 20. Nxf3 Rad8 21.
Bxd6 Qe6 22. Qa4 Rxd6 23. Qxa5 Rfd8 24. Qc7 R6d7 25. Qc2 Bf6 26. a4 g5 27. Rfd1
Kg7 28. g3 Rxd1+ 29. Rxd1 Qe4 30. Qe2 Ra8 31. Nd4 Rxa4 32. Qb2 Ra8 33. Qc2 Qxc2
34. Nxc2 Ra5 35. Rd5 Kg6 36. Nd4 Bxd4 37. exd4 Kf6 38. Rc5 h6 39. Kg2 e6 40. d5
b6 41. Rc6 Rxb5 1/2-1/2

[Event "Marshall Chess Club - IM Norm RR"]
[Site "ChessKast.com"]
[Date "2019.11.16"]
[Round "5"]
[White "FM GUS HUSTON"]
[Black "CM LIRAN ZHOU"]
[Result "1/2-1/2"]
[WhiteElo "2185"]
[BlackElo "2317"]
[PlyCount "75"]
[EventDate "2019.??.??"]

1. e4 c5 2. Nf3 d6 3. Bb5+ Nd7 4. d4 cxd4 5. Qxd4 a6 6. Bxd7+ Bxd7 7. O-O e5 8.
Qd3 h6 9. Nc3 Nf6 10. a4 Be7 11. Nd2 Be6 12. Nc4 Qc7 13. Ne3 Qc6 14. Ncd5 Bxd5
15. exd5 Qd7 16. a5 O-O 17. Nf5 Rfc8 18. Bxh6 Bf8 19. Bd2 e4 20. Qh3 g6 21.
Nh6+ Kg7 22. Qxd7 Nxd7 23. Ng4 f5 24. Ne3 f4 25. Ng4 Rxc2 26. Bxf4 Rxb2 27.
Rac1 Kf7 28. Rc7 Ke8 29. Rc4 Rb5 30. Rxe4+ Kf7 31. Rc4 Rxd5 32. Rc7 Ke8 33.
Rxb7 Rxa5 34. h4 Rb5 35. Rc7 Rc5 36. Rb7 Rb5 37. Rc7 Rc5 38. Rb7 1/2-1/2

[Event "Marshall Chess Club - IM Norm RR"]
[Site "ChessKast.com"]
[Date "2019.11.17"]
[Round "6"]
[White "FM VINCENT TSAY"]
[Black "IM SILAS ESBEN LUND"]
[Result "1/2-1/2"]
[WhiteElo "2289"]
[BlackElo "2348"]
[PlyCount "76"]
[EventDate "2019.??.??"]

1. d4 d5 2. c4 c6 3. cxd5 cxd5 4. Nf3 Nf6 5. Nc3 Nc6 6. Bf4 Bf5 7. e3 e6 8. Qb3
Bb4 9. Ne5 Qa5 10. Nxc6 bxc6 11. a3 Bxc3+ 12. Qxc3 Qxc3+ 13. bxc3 Nh5 14. Be5
f6 15. Bd6 Kd7 16. Bc5 g5 17. c4 Ng7 18. Be2 Rhb8 19. O-O Rb2 20. Rfe1 Ne8 21.
Rac1 Nd6 22. f3 g4 23. cxd5 exd5 24. fxg4 Be4 25. Bxd6 Kxd6 26. Bf3 Bxf3 27.
gxf3 h5 28. Rc3 hxg4 29. fxg4 Rh8 30. Rec1 Rhxh2 31. Rxc6+ Ke7 32. Rc7+ Kd8 33.
Rc8+ Kd7 34. R1c7+ Ke6 35. Rc6+ Kf7 36. R6c7+ Ke6 37. Rc6+ Kf7 38. R6c7+ Ke6
1/2-1/2

[Event "Marshall Chess Club - IM Norm RR"]
[Site "ChessKast.com"]
[Date "2019.11.16"]
[Round "6"]
[White "ROBERT M PEREZ"]
[Black "FM GUS HUSTON"]
[Result "1-0"]
[WhiteElo "2390"]
[BlackElo "2185"]
[PlyCount "59"]
[EventDate "2019.??.??"]

1. d4 Nf6 2. c4 Nc6 3. Nf3 e6 4. a3 d6 5. Nc3 Be7 6. e4 O-O 7. Bd3 Re8 8. O-O
e5 9. d5 Nb8 10. h3 Nbd7 11. b4 Nf8 12. Be3 Ng6 13. Re1 h6 14. c5 a6 15. Rc1
Nh7 16. cxd6 Bxd6 17. Nd2 Qh4 18. Nc4 Ng5 19. Bf1 Nxe4 20. Nxe4 Qxe4 21. Bc5
Qh4 22. Bxd6 cxd6 23. Nxd6 Rd8 24. Nxc8 Raxc8 25. Rxc8 Rxc8 26. d6 Qd8 27. Qd5
Rc6 28. Rd1 e4 29. Bc4 Qd7 30. Qxf7+ 1-0

[Event "Marshall Chess Club - IM Norm RR"]
[Site "ChessKast.com"]
[Date "2019.11.16"]
[Round "6"]
[White "FM RAWLE ALLICOCK"]
[Black "CM LIRAN ZHOU"]
[Result "0-1"]
[WhiteElo "2245"]
[BlackElo "2317"]
[PlyCount "58"]
[EventDate "2019.??.??"]

1. c4 Nf6 2. Nc3 g6 3. Nf3 Bg7 4. d4 O-O 5. g3 d6 6. Bg2 Nc6 7. O-O a6 8. b3
Rb8 9. d5 Na5 10. Bb2 b5 11. cxb5 axb5 12. Nd4 b4 13. Nb1 Bd7 14. Nd2 Nxd5 15.
Bxd5 c5 16. N2f3 cxd4 17. Bxd4 e6 18. Bxg7 Kxg7 19. Be4 d5 20. Bd3 Qf6 21. Qd2
e5 22. Nh4 Rfc8 23. Rac1 Qd6 24. e3 d4 25. f4 Rc3 26. Rcd1 Qc5 27. exd4 Qxd4+
28. Rf2 Bg4 29. f5 Rxd3 0-1